000 00485nam a22001817a 4500
005 20230626143511.0
008 230626b ||||| |||| 00| 0 eng d
040 _aIN-DiNC
_cIN-DiNC
041 _dasm
082 _a294.5923
_bBHU
100 _aBhuyan, Khargeswar
_eauthor
245 _aSakunir pashakhel/
_cby Khargeswar Bhuyan
250 _a1st ed.
260 _aGuwahati:
_bBanalata,
_c2017.
300 _a288p.
650 _aCritical discussion of Mahabharata
942 _2ddc
_cBK
999 _c11569
_d11569